000 01194nam a2200313 i 4500
003 DO-SdBNP
005 20230621125340.0
007 ta
008 230621b2022 dr ||||| |||| 00| 0 spa d
020 _a9789945934304
040 _aDO-SdBNP
_bspa
_cBNPHU
_erda
082 4 _222
100 _aVeras, Ramón Antonio,
_eautor
_943284
245 1 0 _aTertulia :
_blos planfeteros de Santiago /
_cRamón Antonio Veras, Wenceslao Vega ; coordinador Franklin Franco ; cuidado de edición, Avelino Stanley ; transcripción, Eladio Robles ; presentación, Ángela Soto Franco
264 1 _aSanto Domingo :
_bMuseo Memorial de la Resistencia Dominicana,
_c2022.
300 _a71 páginas ;
_c22 cm.
336 _2rdacontent
_atexto
_btxt
337 _2rdamedia
_asin mediación
_bn
338 _2rdacarrier
_avolumen
_bnc
490 _aTertulia
_v5
590 _aInventariado, 2023/BT
700 1 _aVega, Wenceslao,
_eautor
_981556
700 1 _aFranco, Franklin,
_ecoordinador
_934451
700 1 _aStanley, Avelino,
_ecuidado de edición
_981556
700 1 _aRobles, Eladio,
_etranscripción
_983347
700 1 _aSoto Franco, Ángela,
_epresentación
_972856
910 _aBtavárez
942 _2ddc
_cLBS1
999 _c53884
_d53884